[Event "TUR-chT 2nd League"]
[Site "Konya"]
[Date "2019.07.28"]
[Round "9.15"]
[White "Mustuoglu, Umit"]
[Black "Ozkan, Yusuf Taha"]
[Result "0-1"]
[WhiteElo "1575"]
[BlackElo "1426"]
[PlyCount "116"]
[EventDate "2019.07.22"]
[EventType "team-swiss"]
[EventRounds "9"]
[EventCountry "TUR"]
[SourceTitle "CBM 191 Extra"]
[Source "ChessBase"]
[SourceDate "2019.09.30"]
[SourceVersion "1"]
[SourceVersionDate "2019.09.30"]
[SourceQuality "1"]
[WhiteTeam "Corum Belediye"]
[BlackTeam "Kahramanmaras Ustad"]
[WhiteTeamCountry "TUR"]
[BlackTeamCountry "TUR"]

1. d4 Nf6 2. c4 e6 3. Nc3 Bb4 4. e3 c6 5. Bd3 d5 6. Qc2 dxc4 7. Bxc4 Nd5 8. Nf3 Nd7 9. 0-0 0-0 10. e4 N5b6 11. Bd3 h6 12. a3 Bxc3 13. bxc3 c5 14. a4 a5 15. Bf4 c4 16. Be2 Nf6 17. Nd2 Bd7 18. Bxc4 Rc8 19. Bb3 Bc6 20. f3 Qd7 21. Rfc1 Kh8 22. Be3 Na8 23. Nc4 b6 24. Ne5 Qb7 25. Nxc6 Rxc6 26. Qd3 Rd8 27. Bc2 Rdc8 28. Bd2 g6 29. h4 Kg7 30. Ra3 Qe7 31. Rb3 Nh5 32. Be1 f5 33. g3 g5 34. exf5 exf5 35. Bf2 gxh4 36. Qxf5 Nxg3 37. Qh7+ Kf8 38. Qxe7+ Kxe7 39. Bxg3 hxg3 40. Be4 Rd6 41. Rcb1 h5 42. Bxa8 Rxa8 43. Rxb6 Rxb6 44. Rxb6 Rh8 45. Kg2 h4 46. Kh3 Rg8 47. Rb2 Kf6 48. c4 Kf5 49. c5 Kf4 50. Kg2 Rh8 51. d5 h3+ 52. Kh1 Re8 53. Rb1 Kxf3 54. c6 h2 55. Rb3+ Kg4 56. Kg2 Re2+ 57. Kh1 Kh3 58. Rf3 Re1+ 0-1